Представление документа в формате MARC21

ПолеНазваниеЗначение
  Тип записи a
  Библиографический уровень m
001 Контрольный номер RU\infra-m\znanium\bibl\2171138
005 Дата корректировки 20260429142125.2
008 Кодируемые данные 240909s2024 RU g rus u
020 Индекс ISBN __
a ISBN 978-5-9729-1874-4
040 Источник каталогиз. __
a Служба первич. каталог. Общество с ограниченной ответственностью «ЗНАНИУМ»
041 Код языка издания __
a Код языка текста rus
044 Код страны публикации __
a Код страны публикации RU
080 Индекс УДК __
a Индекс УДК 338
084 Индекс другой классификации/Индекс ББК __
2 Источник индекса rubbk
a Индекс другой классификации/Индекс ББК 36
084 Индекс другой классификации/Индекс ББК __
2 Источник индекса okso
a Индекс другой классификации/Индекс ББК 19.03.01
084 Индекс другой классификации/Индекс ББК __
2 Источник индекса okso
a Индекс другой классификации/Индекс ББК 19.04.01
100 Автор __
a Автор Гунькин В.А.
q Полное имя Гунькин Владимир Александрович
u Дополнение Российский биотехнологический университет (РОСБИОТЕХ)
245 Заглавие __
a Заглавие Растительное сырье в инновационных биотехнологиях производства продуктов питания
b Продолж. заглавия Учебное пособие
c Ответственность Российский биотехнологический университет (РОСБИОТЕХ)
260 Выходные данные __
a Место издания Вологда
b Издательство Инфра-Инженерия
c Дата издания 2024
300 Физическое описание __
a Объем 236 с.
520 Аннотация __
a Аннотация Представлены научные основы инновационных технологий в биотехнологии производства пищевой продукции которые рассматриваются в естественнонаучном и технологическом аспектах. Излагается стройное учение о зерне как о живом организме и сырье для переработки в различных отраслях пищевой промышленности и одновременно как объекте биотехнологии. Включены основы морфологии анатомии и физиологии зерна и семян свойства и признаки качества зерна и зерновой массы а также оценка их биотехнологического достоинства. Рассмотрены отдельные культуры их биологические особенности распространение хозяйственное значение и использование в различных биотехнологических процессах пищевой промышленности. Для студентов аспирантов преподавателей и научных работников пищевых и сельскохозяйственных вузов.
521 Примеч. о цел. назн. __
a Примеч. о целев. назн. ВО - Бакалавриат
650 Тематические рубрики __
a Основная рубрика Промышленность. Энергетика
x Основная подрубрика Пищевые производства
655 Указ. предметных рубрик (устаревшее) __
a Жанр/ форма (устаревшее) Учебное пособие
700 Другие авторы __
a Другие авторы Суслянок Г. М.
q Полное имя Суслянок Георгий Михайлович
u Дополнение Российский биотехнологический университет (РОСБИОТЕХ)
856 Электронный адрес документа 4_
a Имя сервера/домена znanium.ru
m Помощь ebs_support@infra-m.ru
n Местонахождение сервера НИЦ ИНФРА-М
u URL https://znanium.ru/catalog/document?id=452595
856 Электронный адрес документа 48
a Имя сервера/домена znanium.ru
d Путь /cover/2171
f Электронное имя 2171138.jpg
q Тип электронного формата image/jpeg
u URL https://znanium.ru/cover/2171/2171138.jpg
911 __
u 0030=https://znanium.ru/catalog/document?id=452595